| 000 | 00557ntaaa2200181 4500 | ||
|---|---|---|---|
| 003 | 01 | ||
| 005 | 20251027203310.0 | ||
| 008 | 0714s1973 ag 01 | ||
| 040 |
_aAR-BaBN _bspa _cAR-BaBN _eaacr _dRIC |
||
| 082 | _a281.1 R85p | ||
| 100 |
_aRuíz Bueno, Daniel _98387 |
||
| 245 |
_aPadres apóstólicos / _cDaniel Ruíz Bueno |
||
| 260 |
_aMadrid : _bBiblioteca de Autores Cristianos, _c1950 |
||
| 300 | _a1130 p. | ||
| 500 | _aEd. bilingüe completa: latín y castellano | ||
| 500 | _aDonado a la Biblioteca del SITB por el Prof. Pablo Vernola | ||
| 942 | _cBK | ||
| 999 |
_c28478 _d28478 |
||